<?xml version="1.0" encoding="UTF-8"?>
<record
    xmlns:xsi="http://www.w3.org/2001/XMLSchema-instance"
    xsi:schemaLocation="http://www.loc.gov/MARC21/slim http://www.loc.gov/standards/marcxml/schema/MARC21slim.xsd"
    xmlns="http://www.loc.gov/MARC21/slim">

  <leader>01281nam a2200313 i 4500</leader>
  <controlfield tag="001">188872</controlfield>
  <controlfield tag="003">SpMaBN</controlfield>
  <controlfield tag="005">20250824054645.0</controlfield>
  <controlfield tag="008">190219s1993    sp acf       |||| |dspa d</controlfield>
  <datafield tag="020" ind1=" " ind2=" ">
    <subfield code="a">84-00-07360-6</subfield>
  </datafield>
  <datafield tag="080" ind1=" " ind2=" ">
    <subfield code="a">821.134.2-2.09"19"</subfield>
  </datafield>
  <datafield tag="100" ind1="1" ind2=" ">
    <subfield code="a">Nieva de la Paz, Pilar.</subfield>
    <subfield code="9">166384</subfield>
  </datafield>
  <datafield tag="245" ind1="1" ind2="0">
    <subfield code="a">Autoras dram&#xE1;ticas espa&#xF1;olas entre 1918 y 1936 </subfield>
    <subfield code="b">: (texto y representaci&#xF3;n) / </subfield>
    <subfield code="c">Pilar Nieva de la Paz.</subfield>
  </datafield>
  <datafield tag="260" ind1=" " ind2=" ">
    <subfield code="a">Madrid : </subfield>
    <subfield code="b">Consejo Superior de Investigaciones Cient&#xED;ficas, Instituto de Filolog&#xED;a, </subfield>
    <subfield code="c">1993.</subfield>
  </datafield>
  <datafield tag="300" ind1=" " ind2=" ">
    <subfield code="a">407, [8] h. de l&#xE1;m. col. : </subfield>
    <subfield code="b">il. n. ; </subfield>
    <subfield code="c">24 cm.</subfield>
  </datafield>
  <datafield tag="490" ind1="1" ind2=" ">
    <subfield code="a">Biblioteca de teatro</subfield>
  </datafield>
  <datafield tag="500" ind1=" " ind2=" ">
    <subfield code="a">Basado en la tesis de la autora.</subfield>
  </datafield>
  <datafield tag="500" ind1=" " ind2=" ">
    <subfield code="a">Ap&#xE9;ndices.</subfield>
  </datafield>
  <datafield tag="500" ind1=" " ind2=" ">
    <subfield code="a">&#xCD;ndices.</subfield>
  </datafield>
  <datafield tag="504" ind1=" " ind2=" ">
    <subfield code="a">Bibliograf&#xED;a: p. [375]-393.</subfield>
  </datafield>
  <datafield tag="650" ind1=" " ind2="7">
    <subfield code="a">Teatro espa&#xF1;ol-</subfield>
    <subfield code="x">Autoras-</subfield>
    <subfield code="x">Historia y cr&#xED;tica.</subfield>
    <subfield code="9">166385</subfield>
  </datafield>
  <datafield tag="710" ind1="2" ind2=" ">
    <subfield code="a">Instituto de Filolog&#xED;a (Consejo Superior de Investigaciones Cient&#xED;ficas) (</subfield>
    <subfield code="c">Madrid)</subfield>
    <subfield code="9">4944</subfield>
  </datafield>
  <datafield tag="830" ind1="0" ind2="0">
    <subfield code="a">Biblioteca de teatro (CSIC)</subfield>
    <subfield code="9">225735</subfield>
  </datafield>
  <datafield tag="852" ind1=" " ind2=" ">
    <subfield code="a">ES-MaACL</subfield>
    <subfield code="j">A-14373</subfield>
    <subfield code="9">196006</subfield>
    <subfield code="b">R.151704</subfield>
    <subfield code="c">DEPO1</subfield>
    <subfield code="d">Olim: N-7373</subfield>
    <subfield code="h">Donacion: Pilar Fernandez Vera </subfield>
  </datafield>
  <datafield tag="903" ind1=" " ind2=" ">
    <subfield code="a">Fern&#xE1;ndez Vera, Pilar,</subfield>
    <subfield code="d">1961-</subfield>
    <subfield code="e">dnr</subfield>
    <subfield code="9">49420</subfield>
  </datafield>
  <datafield tag="942" ind1=" " ind2=" ">
    <subfield code="2">udc</subfield>
    <subfield code="c">MONOGRAFIA</subfield>
  </datafield>
  <datafield tag="999" ind1=" " ind2=" ">
    <subfield code="c">188872</subfield>
    <subfield code="d">188872</subfield>
  </datafield>
  <datafield tag="952" ind1=" " ind2=" ">
    <subfield code="0">0</subfield>
    <subfield code="1">0</subfield>
    <subfield code="2">udc</subfield>
    <subfield code="4">0</subfield>
    <subfield code="7">0</subfield>
    <subfield code="a">ATENEOM</subfield>
    <subfield code="b">ATENEOM</subfield>
    <subfield code="c">DEPO1</subfield>
    <subfield code="d">2019-02-19</subfield>
    <subfield code="e">DONACION</subfield>
    <subfield code="l">0</subfield>
    <subfield code="o">A-14373</subfield>
    <subfield code="p">1200008</subfield>
    <subfield code="r">2023-02-23 00:00:00</subfield>
    <subfield code="w">2023-02-23</subfield>
    <subfield code="y">MONOGRAFIA</subfield>
  </datafield>
</record>
